Elenca la formazione - Quiz n°320 - Statistics

Statistiche generali
  • Questo quiz è stato fatto 27 volte
  • Il punteggio medio è 6 su 11
Statistiche sulle risposte
Ruolo Club dell'epoca Calciatore % Corretto
Attaccante Liverpool Michael Owen
92%
Centrocampista Manchester United Paul Scholes
79%
Centrocampista Manchester United David Beckham
71%
Difensore Leeds Unites Rio Ferdinand
71%
Difensore Arsenal Ashley Cole
67%
Difensore Arsenal Sol Campbell
67%
Portiere Arsenal David Seaman(
58%
Attaccante Liverpool Emile Heskey
29%
Centrocampista Manchester United Nicky Butt
17%
Difensore Leeds Unites Danny Mills
4%
Centrocampista West Ham United Trevor Sinclair
0%
Nessun quiz corrispondente trovato
Distribuzione punteggi
Percentuale di utenti per punteggio
Percentile per numero di risposta
I tuoi punteggi nel tempo
Non hai fatto questo quiz